000 00353nam a2200145Ia 4500
005 20250729165729.0
008 250729s2008 xx 000 0 und d
041 _akan
082 _a900.7 VEEB
100 _aVeena S B
_9231589
245 _aBharathada Quiz
260 _aGadag
_bMaruthi Book Center
_c2008
300 _a64p
650 _aHistory
_9231590
999 _c239357
_d239357